|
|
|
|
| LEADER |
00000ny a22000003n 4500 |
| 003 |
EbpS |
| 005 |
20110513095128.0 |
| 006 |
m d |||||| |
| 007 |
cr anunnnuuuaa |
| 008 |
000823c20uu9999us qr p 0 a0eng d |
| 022 |
|
|
|a 1548-2456
|
| 022 |
|
|
|a 1531-426X
|
| 035 |
|
|
|a 4170
|
| 040 |
|
|
|d vLex
|
| 050 |
0 |
0 |
|a F1401
|b .J68
|
| 050 |
0 |
0 |
|a F1401
|b .J68
|
| 090 |
|
|
|c 1822
|d 1822
|
| 245 |
3 |
0 |
|a Latin American politics and society
|h [Recurso electrn̤ico]
|
| 256 |
|
|
|a Servicio en ln̕ea
|
| 260 |
|
|
|a Coral Gables, FL :
|b School of International Studies, University of Miami,
|
| 310 |
|
|
|a Trimestral
|
| 651 |
|
4 |
|a Amřica Latina
|x Polt̕ica y gobierno
|x Publicaciones perid̤icas
|
| 710 |
2 |
|
|a University of Miami.
|b School of International Studies
|
| 740 |
0 |
|
|a vLex Revista (Servicios en ln̕ea)
|
| 780 |
0 |
0 |
|t Journal of interamerican studies and world affairs
|x 0022-1937
|
| 843 |
|
|
|a Electrn̤ica. Abierta
|
| 853 |
|
|
|8 1
|i (year)
|j (month)
|k (day)
|
| 856 |
4 |
0 |
|z Acceso restringido
|u http://vlex.com/account/login_ip?fuente_id=4170
|
| 942 |
|
|
|c REV
|
| 999 |
|
|
|a Academic Journal
|
| 999 |
|
|
|a Latin America
|v Periodicals
|
| 999 |
|
|
|a Amřique latine
|v Přiodiques
|